Ancient Ruins by Night Quiz Stats

 Plays Quiz Updated Jun 12, 2017

Support Sporcle.
Go Orange.
Score 0/16 Timer 06:00
11 Plays Today
% Correct
Colosseum, Italy
99.2%
Giza Plateau, Egypt
92.6%
Chichen Itza, Mexico
91.8%
Parthenon, Greece
91.5%
Stonehenge, United Kingdom
90.2%
Great Wall of China, China
88%
Petra, Jordan
76.6%
Machu Picchu, Peru
70.5%
% Correct
Angkor Wat, Cambodia
69.3%
Easter Island, Chile
63.6%
Tikal, Guatemala
48.1%
Mesa Verde, United States of America
45.2%
Persepolis, Iran
31.7%
Borobudur, Indonesia
27%
Bagan, Myanmar
22.5%
Masada, Israel
21.1%

You're not logged in!

Compare scores with friends on all Sporcle quizzes.
OR
Log In
Forgot?

From the Vault

Top Beef, Pork & Poultry Producers

by manonthemoon

Vegetarians, you might want to look away now.
Remove Ads.
Support Sporcle.
Get the best of Sporcle when you Go Orange. This ad-free experience offers more features, more stats, and more fun while also helping to support Sporcle. Thank you for becoming a member.

Show Comments

Extras

Top Quizzes Today


Score Distribution

Your Account Isn't Verified!

In order to create a playlist on Sporcle, you need to verify the email address you used during registration. Go to your Sporcle Settings to finish the process.

Report this User

Report this user for behavior that violates our Community Guidelines.

Details: